NFL: Top 3 Most Interceptions in Each Draft Round (2018) - Statistics

General Stats
  • This quiz has been taken 10 times
    2 since last reset
  • The average score is 9 of 25
Answer Stats
Round # Player INTs College % Correct
Undrafted N/A Darious Williams 11 UAB
100%
Second Round 55th Donte Jackson 20 LSU
100%
Undrafted N/A J.C. Jackson 26 Florida / Maryland
100%
Fourth Round 121st Taron Johnson 6 Weber State
100%
Sixth Round 196th Tremon Smith 2 Central Arkansas
100%
First Round 4th Denzel Ward 17 Ohio State
50%
Third Round 70th Fred Warner 10 BYU
50%
First Round 18th Jaire Alexander 12 Louisville
50%
Second Round 54th Jessie Bates 24 Wake Forest
50%
Fourth Round 119th Kyzir White 6 West Virginia
50%
First Round 11th Minkah Fitzpatrick 20 Alabama
50%
First Round 16th Tremaine Edmunds 12 Virginia Tech
50%
Fifth Round 170th Darius Phillips 6 Western Michigan
0%
Sixth Round 190th DeShon Elliott 4 Texas
0%
Fifth Round 142nd D.J. Reed 6 Kansas State
0%
Sixth Round 200th Foyesade Oluokun 8 Yale
0%
Seventh Round 241st Greg Stroman 3 Virginia Tech
0%
Fourth Round 117th Jordan Whitehead 11 Pittsburgh
0%
Third Round 68th Justin Reid 10 Stanford
0%
Undrafted N/A Levi Wallace 12 Alabama
0%
Third Round 93rd Ronnie Harrison 7 Alabama
0%
Second Round 36th Shaquille Leonard 12 South Carolina State
0%
Fifth Round 146th Tre Flowers 4 Oklahoma State
0%
Seventh Round 238th Zach Sieler 2 Ferris State
0%
Seventh Round 235th Zaire Franklin 3 Syracuse
0%
No matching quizzes found
Score Distribution
Percent of People with Each Score
Percentile by Number Answered
Your Score History
You have not taken this quiz since the last reset